000 00730nam a2200277Ia 4500
001 26873
005 20240114000942.0
007 ta
008 060517s1929 g b000 u 465 u
040 _aCotton College,Assam
041 _a465
082 _a150.1952
_bF 895 In
100 _aFreud, Sigmund .
245 0 _aIntroductory Lectures on Psychoanalysis /
_cSigmund Freud.
_hTextual Documents
250 _aRev.2nd ed. /
260 _aLondon :
_bGeorge Allen and Unwin Ltd ,
_c1929.
300 _a395p. ;
_c22cm.
504 _aIndex
653 _aPsychoanalysis
653 _aG-Philosophy
653 _aPG-Philosophy
942 _2ddc
_cBK
999 _c26855
_d26855